000 00537nam a2200205 i 4500
001 bgj
245 1 0 _aDie deutsche Literatur in der Weimarer Republik /
_chrsg. von Wolfgang Rothe.
260 _aStuttgart :
_bPhilipp Reclam,
_cc. 1974.
300 _a486 s. ;
_c22 cm.
650 9 _aLiteratura niemiecka
700 1 _aROTHE, Wolfgang.
020 _a3150102286
040 _cBPK
041 0 _ager
044 _aDEU
080 _a821.112.2
920 _a3-15-010228-6
942 _cKS
008 s gw f |000 0 ger
999 _c50475
_d50475
856 _uhttp://koha.tu.koszalin.pl/cgi-bin/koha/opac-detail.pl?biblionumber=50475
_yKatalog online BPK